| 000 | 00496nam a2200193 a 4500 | ||
|---|---|---|---|
| 001 | 14727 | ||
| 003 | CO-ViMGA | ||
| 008 | 141112s2004 ck r 000 u spa d | ||
| 020 | _a9589697305 | ||
| 040 |
_aCO-ViMGA _bspa _cCO-ViMGA |
||
| 082 | 0 | 4 | _a070.44 L351 |
| 100 | 1 |
_aLemaitre, Maria clara; Palmeth, Tatiana _921418 |
|
| 245 | 1 | 0 | _aGetsemani |
| 260 | _aMedellĂn.Lealon.2001 | ||
| 300 | _a92.p. | ||
| 650 | 1 | 4 | _aCARTAGENA - COLOMBIA |
| 650 | 1 | 4 |
_aCRONICA PERIODISTICA _921419 |
| 942 |
_2ddc _cBK |
||
| 999 |
_c25235 _d25235 |
||